The Performance and Design of Alternating Current (Record no. 66122)

000 -LEADER
fixed length control field 00420nam a22001577a 4500
003 - CONTROL NUMBER IDENTIFIER
control field NUST - PNEC
005 - DATE AND TIME OF LATEST TRANSACTION
control field 20170116180939.0
008 - FIXED-LENGTH DATA ELEMENTS--GENERAL INFORMATION
fixed length control field 150609b xxu||||| |||| 00| 0 eng d
020 ## - INTERNATIONAL STANDARD BOOK NUMBER
International Standard Book Number 0273401998
040 ## - CATALOGING SOURCE
Transcribing agency LIBRARY
082 ## - DEWEY DECIMAL CLASSIFICATION NUMBER
Classification number 621.3133 SAY
100 ## - MAIN ENTRY--PERSONAL NAME
9 (RLIN) 577
Personal name Say, M.G.
245 ## - TITLE STATEMENT
Title The Performance and Design of Alternating Current
Statement of responsibility, etc. M. G. Say
650 ## - SUBJECT ADDED ENTRY--TOPICAL TERM
9 (RLIN) 8235
Topical term or geographic name entry element Electrical engineering
General subdivision EE
942 ## - ADDED ENTRY ELEMENTS (KOHA)
Source of classification or shelving scheme
Koha item type Book
Holdings
Withdrawn status Lost status Source of classification or shelving scheme Damaged status Not for loan Permanent Location Current Location Shelving location Date acquired Total Checkouts Full call number Barcode Date last seen Price effective from Koha item type
          Pakistan Navy Engineering College (PNEC) Pakistan Navy Engineering College (PNEC)       621.3133 SAY PNECLIB-004648 09/07/2015   Book
          Pakistan Navy Engineering College (PNEC) Pakistan Navy Engineering College (PNEC)       621.3133 SAY PNECLIB-004647 09/07/2015 09/07/2015 Book
          Pakistan Navy Engineering College (PNEC) Pakistan Navy Engineering College (PNEC)       621.3133 SAY PNECLIB-001878 09/07/2015   Book
© 2023 Central Library, National University of Sciences and Technology. All Rights Reserved.